Golf Hole quiz - Statistics

General Stats
  • This quiz has been taken 6 times
  • The average score is 9 of 21
Answer Stats
Hint Answer % Correct
Pine Hill - Eston's first par 4
100%
Pine Hill - Eston's first chip in 11
67%
Pine Hill - Meach broke his driver the first time 18
67%
Pine Hill - Balls a flyin 8
67%
Pleasant Valley - Eston hits into creek 1
33%
Pine Hill - Eston's first birdie 1
33%
Pine Ball - Signature hole 1
33%
Pine Hill - Infamous Frozen Pond 12
33%
Pine Hill - Teebox that Meach his Logan's head 14
33%
Pine Hill - Teebox, "Tiger did it" 15
33%
Pine Hill - Cart girl can't drive 16
33%
Pine Hill - Views of the greatest houses 17
33%
Pine Hill - Caleb's flop shot hits Meach 18
33%
Paynes Valley - Par 3, green surrounded by water, water fall, rocks 19
33%
Pumpkin Vine - dangerous cart path, down hill, steep uphill 2
33%
Pine Hill - Early Morning Sunrise hits the eyes 2
33%
Pine Hill - Best view in the land (Teebox) 4
33%
Valley View - If you hit it right, the farmer won't be happy 6
33%
Pine Hill - Meach punches rupert 7
33%
Pumpkin Vine - Flipped Cart 8
33%
Pleasant Valley - Eston almost hits car (Par 3 course) 9
33%
No matching quizzes found
Score Distribution
Percent of People with Each Score
Percentile by Number Answered
Your Score History
You have not taken this quiz